[Event "Krefeld Easter op"]
[Site "Krefeld"]
[Date "2025.04.20"]
[Round "6"]
[White "Markgraf, Jonas"]
[Black "Nezhyvenko, Mykhaylo"]
[Result "0-1"]
[WhiteElo "1977"]
[BlackElo "2155"]
[PlyCount "82"]
[EventDate "2025.04.17"]
[EventType "swiss"]
[EventRounds "9"]
[EventCountry "GER"]
[SourceTitle "CB17_2025"]
[SourceDate "2025.04.23"]
[SourceVersion "1"]
[SourceVersionDate "2025.04.23"]
[SourceQuality "1"]

1. d4 d5 2. Nc3 Nf6 3. Bf4 c5 4. e4 Nxe4 5. Nxe4 dxe4 6. dxc5 Qa5+ 7. c3 Qxc5 8. Qa4+ Nc6 9. Qxe4 Bf5 10. Qa4 e5 11. Be3 Qd6 12. Nf3 Be7 13. Rd1 Qc7 14. Be2 0-0 15. 0-0 a6 16. Rd2 b5 17. Qd1 Rfd8 18. Rxd8+ Rxd8 19. Qc1 Bd6 20. h3 e4 21. Nd4 Nxd4 22. Bxd4 h6 23. Rd1 Be6 24. a4 bxa4 25. Bxa6 f5 26. Be2 f4 27. Bg4 Bxg4 28. hxg4 Qc8 29. Qc2 Qxg4 30. Be5 f3 31. Bg3 h5 32. Qxa4 h4 33. gxf3 Qg5 34. Qc4+ Kh8 35. Rd5 Qg6 36. fxe4 hxg3 37. fxg3 Qxg3+ 38. Kf1 Qf3+ 39. Ke1 Ra8 40. Rf5 Bf4 41. Qf7 Ra1# 0-1

[Event "Krefeld Christmas op"]
[Site "Krefeld"]
[Date "2024.12.30"]
[Round "7"]
[White "Markgraf, Jonas"]
[Black "Naumann, Felix"]
[Result "1-0"]
[WhiteElo "1960"]
[BlackElo "1850"]
[PlyCount "77"]
[EventDate "2024.12.27"]
[EventType "swiss"]
[EventRounds "7"]
[EventCountry "GER"]
[SourceTitle "CB01_2025"]
[SourceDate "2025.01.01"]
[SourceVersion "1"]
[SourceVersionDate "2025.01.01"]
[SourceQuality "1"]

1. d4 f5 2. Nc3 Nf6 3. Bf4 e6 4. g4 Bb4 5. gxf5 Ne4 6. Qd3 d5 7. Nf3 exf5 8. Rg1 g6 9. Ne5 Nd7 10. Bg2 Bxc3+ 11. bxc3 Qh4 12. Bg3 Nxe5 13. Bxh4 Nxd3+ 14. exd3 g5 15. dxe4 gxh4 16. exd5 Kf7 17. Kd2 Bd7 18. Rab1 b6 19. f4 Rae8 20. Bf3 Kf6 21. Rbe1 h6 22. Re5 Re7 23. Bh5 Be8 24. Rge1 Rxe5 25. dxe5+ Ke7 26. Bxe8 Rxe8 27. Rg1 Kf7 28. Ke3 Rd8 29. c4 b5 30. Kd4 bxc4 31. Kxc4 Rb8 32. e6+ Kf6 33. Re1 Ke7 34. Re5 Rb2 35. Kc3 Rxa2 36. Rxf5 Kd6 37. Kb3 Ra6 38. c4 c6 39. c5+ 1-0

[Event "Krefeld Christmas op"]
[Site "Krefeld"]
[Date "2024.12.29"]
[Round "5"]
[White "Markgraf, Jonas"]
[Black "Reuter, Julian Frank"]
[Result "1-0"]
[WhiteElo "1960"]
[BlackElo "2160"]
[PlyCount "61"]
[EventDate "2024.12.27"]
[EventType "swiss"]
[EventRounds "7"]
[EventCountry "GER"]
[SourceTitle "CB01_2025"]
[SourceDate "2025.01.01"]
[SourceVersion "1"]
[SourceVersionDate "2025.01.01"]
[SourceQuality "1"]

1. d4 d5 2. Nc3 Nf6 3. Bf4 e6 4. Nb5 Bb4+ 5. c3 Ba5 6. e3 a6 7. Na3 c5 8. dxc5 Nc6 9. Bd3 h6 10. Nf3 Nd7 11. Bd6 Bc7 12. Bxc7 Qxc7 13. b4 a5 14. Nb5 Qb8 15. Nd6+ Ke7 16. a3 Nce5 17. 0-0 b6 18. Nxe5 Nxe5 19. Qh5 bxc5 20. bxc5 f5 21. Qh4+ Kd7 22. Qd4 Nxd3 23. Qxg7+ Kc6 24. Qxh8 Ba6 25. Qd4 Nxc5 26. Nf7 Bxf1 27. Ne5+ Kd6 28. Rxf1 Nb3 29. Qf4 Qc8 30. Ng6+ Kd7 31. Qa4+ 1-0

[Event "Krefeld Christmas op"]
[Site "Krefeld"]
[Date "2024.12.27"]
[Round "1"]
[White "Markgraf, Jonas"]
[Black "Wagner, Jovis"]
[Result "1-0"]
[WhiteElo "1960"]
[BlackElo "1600"]
[PlyCount "34"]
[EventDate "2024.12.27"]
[EventType "swiss"]
[EventRounds "7"]
[EventCountry "GER"]
[SourceTitle "CB01_2025"]
[SourceDate "2025.01.01"]
[SourceVersion "1"]
[SourceVersionDate "2025.01.01"]
[SourceQuality "1"]

1. d4 Nf6 2. Nc3 e6 3. Bf4 Bb4 4. Qd3 0-0 5. a3 Ba5 6. b4 Bb6 7. e4 d6 8. Nf3 c5 9. Bxd6 Qxd6 10. e5 Qe7 11. exf6 Qxf6 12. Ne4 Qe7 13. bxc5 Ba5+ 14. c3 Nc6 15. Be2 f5 16. Nd6 e5 17. Nxc8 Raxc8 1-0

[Event "Krefeld op"]
[Site "Krefeld"]
[Date "2023.08.06"]
[Round "8"]
[White "Bahr, Jan Hendrik"]
[Black "Markgraf, Jonas"]
[Result "1/2-1/2"]
[WhiteElo "1709"]
[BlackElo "2043"]
[PlyCount "77"]
[EventDate "2023.08.02"]
[EventType "swiss"]
[EventRounds "9"]
[EventCountry "GER"]
[SourceTitle "CBM 215 Extra"]
[Source "ChessBase"]
[SourceDate "2023.09.30"]
[SourceVersion "1"]
[SourceVersionDate "2023.09.30"]
[SourceQuality "1"]

1. d4 e6 2. Nf3 c5 3. e3 Nf6 4. Bd3 d5 5. b3 Nc6 6. 0-0 cxd4 7. exd4 Be7 8. Bb2 0-0 9. Nbd2 Bd7 10. a3 Rc8 11. Ne5 Ne8 12. f4 f5 13. c4 Nxe5 14. fxe5 Bc6 15. c5 g5 16. b4 Ng7 17. b5 Be8 18. Qa4 a6 19. Qb3 axb5 20. Bxb5 Bg6 21. a4 f4 22. a5 Nf5 23. Rfc1 Ne3 24. c6 bxc6 25. Bxc6 Rb8 26. Bb7 Nc2 27. Ra4 Be8 28. a6 Bxa4 29. Qxa4 Nb4 30. Qb5 Nxa6 31. Qxa6 Qd7 32. Bc6 Qd8 33. Ba3 Bxa3 34. Qxa3 Qb6 35. Qc5 Qb2 36. Rc2 Qa1+ 37. Rc1 Qb2 38. Rc2 Qa1+ 39. Rc1 1/2-1/2

[Event "Krefeld op"]
[Site "Krefeld"]
[Date "2023.08.05"]
[Round "7"]
[White "Markgraf, Jonas"]
[Black "Wenzke, Elias"]
[Result "1/2-1/2"]
[WhiteElo "2043"]
[BlackElo "1810"]
[PlyCount "140"]
[EventDate "2023.08.02"]
[EventType "swiss"]
[EventRounds "9"]
[EventCountry "GER"]
[SourceTitle "CBM 215 Extra"]
[Source "ChessBase"]
[SourceDate "2023.09.30"]
[SourceVersion "1"]
[SourceVersionDate "2023.09.30"]
[SourceQuality "1"]

1. e4 e6 2. d4 d5 3. Nc3 Bb4 4. Nge2 dxe4 5. a3 Bxc3+ 6. Nxc3 Nc6 7. d5 exd5 8. Qxd5 Be6 9. Qxe4 Nf6 10. Qd3 Qe7 11. Be2 Rd8 12. Qg3 Bc4 13. Be3 Bxe2 14. Nxe2 0-0 15. 0-0 Ne4 16. Qf4 Rd6 17. Ng3 Nxg3 18. Qxg3 Rg6 19. Qf4 Nd8 20. Qb4 Qe6 21. Kh1 Qc6 22. Rg1 Ne6 23. c3 h5 24. Qh4 Rd8 25. Qxh5 Rd5 26. Qf3 Rf6 27. Qh3 Ng5 28. Bxg5 Rxg5 29. Rad1 Rh6 30. Rd8+ Kh7 31. Qd3+ f5 32. h3 Qg6 33. Qd5 Rxh3+ 34. gxh3 Rxg1+ 35. Kh2 Rb1 36. Qg8+ Kh6 37. Qh8+ Qh7 38. Qe8 Qg6 39. Qe3+ Kh7 40. Qg3 Qxg3+ 41. Kxg3 Rxb2 42. Rd7 c6 43. f3 Rb3 44. a4 Kg6 45. Rd6+ Kf7 46. Rd7+ Kf6 47. h4 a5 48. Rc7 Rxc3 49. Rxb7 Rc4 50. Rb6 Ke5 51. Ra6 Rxa4 52. Rxc6 Ra1 53. Rc5+ Ke6 54. Rc6+ Kf7 55. Rc7+ Kg6 56. Rc6+ Kh7 57. h5 Ra4 58. Ra6 Kg8 59. Ra8+ Kf7 60. Ra6 Kf8 61. Ra8+ Ke7 62. Ra6 Kf7 63. Kh3 Ra1 64. Kh4 Rf1 65. Rxa5 Rxf3 66. Kg5 Ke6 67. Ra6+ Ke5 68. Ra5+ Ke6 69. Ra6+ Kf7 70. Ra7+ Kf8 1/2-1/2

[Event "Krefeld op"]
[Site "Krefeld"]
[Date "2022.08.06"]
[Round "5"]
[White "Markgraf, Jonas"]
[Black "Vestrick, Frank"]
[Result "1-0"]
[WhiteElo "2020"]
[BlackElo "1867"]
[PlyCount "29"]
[EventDate "2022.08.04"]
[EventType "swiss"]
[EventRounds "9"]
[EventCountry "GER"]
[SourceTitle "CBM 209 Extra"]
[Source "ChessBase"]
[SourceDate "2022.09.30"]
[SourceVersion "1"]
[SourceVersionDate "2022.09.30"]
[SourceQuality "1"]

1. e4 d6 2. d4 Nf6 3. Nc3 g6 4. f4 c6 5. Nf3 Bg7 6. Be2 0-0 7. 0-0 Qc7 8. e5 dxe5 9. fxe5 Nd5 10. Nxd5 cxd5 11. c3 f5 12. Qe1 h6 13. Qh4 Kf7 14. Qg3 Rg8 15. e6+ 1-0

[Event "Goch op 20th"]
[Site "Goch"]
[Date "2009.10.04"]
[Round "7"]
[White "Markgraf, Jonas"]
[Black "Kabos, Tobias"]
[Result "1/2-1/2"]
[WhiteElo "2081"]
[BlackElo "2175"]
[PlyCount "102"]
[EventDate "2009.10.01"]
[EventType "swiss"]
[EventRounds "7"]
[EventCountry "GER"]
[SourceTitle "EXT 2011"]
[Source "ChessBase"]
[SourceDate "2010.11.26"]
[SourceVersion "1"]
[SourceVersionDate "2010.11.26"]
[SourceQuality "1"]

1. e4 c5 2. Nf3 d6 3. Bb5+ Bd7 4. a4 Nc6 5. 0-0 g6 6. c3 Bg7 7. d4 cxd4 8. cxd4 Nf6 9. Nc3 0-0 10. Be3 Na5 11. Bxd7 Qxd7 12. Qd3 Rfc8 13. Nd2 Ng4 14. Bg5 Nc6 15. h3 Nf6 16. Be3 Nb4 17. Qb1 e6 18. Ra3 Ne8 19. f4 f5 20. Rb3 a5 21. e5 d5 22. Nb5 Bf8 23. Bf2 Nc7 24. Nc3 Be7 25. Nf3 b5 26. Nxb5 Nxb5 27. axb5 Qxb5 28. Be1 Rc4 29. g4 Rac8 30. Bxb4 Bxb4 31. gxf5 Rc2 32. Re3 exf5 33. Ne1 Bxe1 34. Rfxe1 Qb4 35. Qd1 Rc1 36. Qxc1 Rxc1 37. Rxc1 Qxd4 38. Rce1 g5 39. e6 Kf8 40. e7+ Ke8 41. Kh1 Qxb2 42. Re5 Qf2 43. fxg5 a4 44. R5e2 Qf3+ 45. Kh2 f4 46. Rg2 a3 47. Re6 a2 48. Ra6 d4 49. Raxa2 d3 50. g6 hxg6 51. Rxg6 Kxe7 1/2-1/2

[Event "Dortmund op"]
[Site "Dortmund"]
[Date "2009.07.10"]
[Round "7"]
[White "Hoegy, Kevin"]
[Black "Markgraf, Jonas"]
[Result "1-0"]
[WhiteElo "2167"]
[BlackElo "2083"]
[PlyCount "75"]
[EventDate "2009.07.04"]
[EventType "swiss"]
[EventRounds "9"]
[EventCountry "GER"]
[SourceTitle "CBM 131 Extra"]
[Source "ChessBase"]
[SourceDate "2009.09.03"]
[SourceVersion "2"]
[SourceVersionDate "2009.09.16"]
[SourceQuality "1"]

1. d4 Nf6 2. c4 g6 3. Nc3 Bg7 4. e4 d6 5. Be2 0-0 6. Nf3 e5 7. 0-0 Nc6 8. d5 Ne7 9. Ne1 Nd7 10. Nd3 f5 11. Bd2 Nf6 12. f3 f4 13. c5 g5 14. cxd6 cxd6 15. Nf2 Rf7 16. Qc2 Ng6 17. Rfc1 Rc7 18. Qb3 Bf8 19. Nb5 Rg7 20. Rc2 h5 21. Rac1 g4 22. Nc7 g3 23. Nxa8 gxf2+ 24. Kxf2 Bd7 25. Nc7 Nh4 26. g3 fxg3+ 27. hxg3 Ng6 28. Ne6 Bxe6 29. dxe6 Ne7 30. Rc8 Qb6+ 31. Qxb6 axb6 32. Bh6 Nxc8 33. Rxc8 h4 34. gxh4 Kh7 35. Bxg7 Kxg7 36. Rc7+ Kg6 37. e7 Bh6 38. Bb5 1-0

[Event "Dortmund op"]
[Site "Dortmund"]
[Date "2009.07.07"]
[Round "4"]
[White "Markgraf, Jonas"]
[Black "Dehne, Mirko"]
[Result "1-0"]
[WhiteElo "2083"]
[BlackElo "2219"]
[PlyCount "67"]
[EventDate "2009.07.04"]
[EventType "swiss"]
[EventRounds "9"]
[EventCountry "GER"]
[SourceTitle "CBM 131 Extra"]
[Source "ChessBase"]
[SourceDate "2009.09.03"]
[SourceVersion "2"]
[SourceVersionDate "2009.09.16"]
[SourceQuality "1"]

1. Nf3 c5 2. e4 e6 3. d4 cxd4 4. Nxd4 Nf6 5. Nc3 Nc6 6. Be3 Bb4 7. Bd3 d5 8. 0-0 Bxc3 9. bxc3 dxe4 10. Bb5 Qc7 11. Bg5 Bd7 12. Qe2 Nd5 13. Qxe4 Nxc3 14. Qd3 Nxd4 15. Qxd4 Bxb5 16. Qxg7 Rf8 17. Rfe1 Ne2+ 18. Kh1 Qc3 19. Bf6 Qc4 20. Rad1 Bc6 21. Rd2 Nf4 22. Red1 Nd5 23. Bg5 Kd7 24. Qxh7 Rae8 25. Rd4 Qc5 26. c4 b5 27. cxd5 Bxd5 28. h4 Kc8 29. Rc1 Bc4 30. Qe4 Kb8 31. Rdxc4 bxc4 32. Rb1+ Kc7 33. Rb7+ Kd6 34. Qf3 1-0

[Event "Dortmund op"]
[Site "Dortmund"]
[Date "2009.07.04"]
[Round "1"]
[White "Hausrath, Daniel"]
[Black "Markgraf, Jonas"]
[Result "1-0"]
[WhiteElo "2519"]
[BlackElo "2083"]
[PlyCount "109"]
[EventDate "2009.07.04"]
[EventType "swiss"]
[EventRounds "9"]
[EventCountry "GER"]
[SourceTitle "CBM 131 Extra"]
[Source "ChessBase"]
[SourceDate "2009.09.03"]
[SourceVersion "2"]
[SourceVersionDate "2009.09.16"]
[SourceQuality "1"]

1. Nf3 c5 2. c4 Nc6 3. Nc3 d6 4. e3 Nf6 5. d4 cxd4 6. exd4 Bg4 7. Be2 e6 8. d5 exd5 9. cxd5 Bxf3 10. Bxf3 Ne5 11. Be2 a6 12. Be3 Be7 13. Qb3 b5 14. a4 0-0 15. axb5 axb5 16. 0-0 b4 17. Qxb4 Rb8 18. Bb5 Nfg4 19. Ba7 Rb7 20. Qa3 Qc7 21. Bd4 Bf6 22. Qa4 Rfb8 23. Rfc1 Qe7 24. Re1 Qd8 25. Re4 h5 26. Rae1 Kh7 27. h3 Nh6 28. Qa6 Re7 29. Bd3 g6 30. Bxe5 Rxe5 31. Qa1 Qb6 32. R1e2 Qb3 33. Qa6 Rb6 34. Qc4 Rxe4 35. Qxb3 Rxb3 36. Nxe4 Bxb2 37. Bc4 Rb4 38. Nxd6 Bd4 39. Ba2 Ra4 40. Nb5 Bb6 41. d6 Nf5 42. Nc3 Rd4 43. Nd5 Rd1+ 44. Kh2 Bd8 45. d7 Nd4 46. Re4 Ne6 47. Bc4 Kg7 48. g3 Rd2 49. Kg2 Nc7 50. Nxc7 Bxc7 51. Re7 Bb6 52. Rxf7+ Kh8 53. Rf6 Bc5 54. Rc6 Be7 55. Rxg6 1-0

[Event "Goch op 19th"]
[Site "Goch"]
[Date "2008.10.10"]
[Round "3"]
[White "Densing, Gerd"]
[Black "Markgraf, Jonas"]
[Result "0-1"]
[WhiteElo "1878"]
[BlackElo "2086"]
[PlyCount "90"]
[EventDate "2008.10.09"]
[EventType "swiss"]
[EventRounds "7"]
[EventCountry "GER"]
[SourceTitle "EXT 2011"]
[Source "ChessBase"]
[SourceDate "2010.11.26"]
[SourceVersion "1"]
[SourceVersionDate "2010.11.26"]
[SourceQuality "1"]

1. d4 Nf6 2. Nf3 g6 3. Nc3 d5 4. Bf4 c6 5. e3 Bg7 6. Be2 Nbd7 7. Qd2 Nh5 8. e4 Nxf4 9. Qxf4 dxe4 10. Nxe4 Nf6 11. Bc4 Nd5 12. Bxd5 Qxd5 13. c3 Bf5 14. Ng3 Be6 15. 0-0 0-0 16. Qc7 Qd7 17. Qxd7 Bxd7 18. Rfe1 Rfe8 19. Ne5 Be6 20. a3 Rad8 21. Nd3 Bc4 22. Ne5 Be6 23. Nd3 Bd5 24. Ne5 f6 25. Nd3 e5 26. dxe5 fxe5 27. Nb4 Bb3 28. Re2 a5 29. Nc2 Bc4 30. Ree1 Bb3 31. Re2 Bc4 32. Ree1 Rd2 33. Ne3 Bb3 34. Re2 Red8 35. Kf1 Bh6 36. Ke1 Bxe3 37. fxe3 Rd1+ 38. Rxd1 Rxd1+ 39. Kf2 Bc4 40. Re1 Rd2+ 41. Kf3 Rxb2 42. Rd1 e4+ 43. Kf4 Rf2+ 44. Ke5 Bd3 45. Nxe4 Rf5+ 0-1

[Event "Goch op 19th"]
[Site "Goch"]
[Date "2008.10.10"]
[Round "2"]
[White "Markgraf, Jonas"]
[Black "Saulin, Dmitri"]
[Result "0-1"]
[WhiteElo "2086"]
[BlackElo "2461"]
[PlyCount "144"]
[EventDate "2008.10.09"]
[EventType "swiss"]
[EventRounds "7"]
[EventCountry "GER"]
[SourceTitle "EXT 2011"]
[Source "ChessBase"]
[SourceDate "2010.11.26"]
[SourceVersion "1"]
[SourceVersionDate "2010.11.26"]
[SourceQuality "1"]

1. e4 c5 2. d4 cxd4 3. c3 Nf6 4. e5 Nd5 5. cxd4 d6 6. Nf3 Nc6 7. Bc4 Nb6 8. Bb3 dxe5 9. Nxe5 Nxe5 10. dxe5 Qxd1+ 11. Bxd1 g6 12. Nc3 Bg7 13. f4 0-0 14. 0-0 Rd8 15. Bf3 Nc4 16. Bd5 Na5 17. Be3 e6 18. Be4 Nc4 19. Bc5 f5 20. Bf3 Nxb2 21. Nb5 Rd7 22. Nxa7 Nd3 23. Nxc8 Rxc8 24. Be3 Rc3 25. Bd2 Rc2 26. Be3 Bh6 27. Bd1 Rc3 28. Bb3 Kf7 29. Bd2 Rc8 30. Rad1 Nxe5 31. Bc1 Nd3 32. Ba3 Bf8 33. Rfe1 Rc6 34. Bxf8 Kxf8 35. Ba4 Nxe1 36. Rxd7 Rc3 37. Rxb7 Nd3 38. g3 Nc5 39. Rb8+ Ke7 40. Bb3 h5 41. Rb6 h4 42. Kg2 hxg3 43. hxg3 Kd7 44. Bd1 Rc1 45. Bb3 Ke7 46. Kf3 Kf6 47. Kg2 Rb1 48. Rb5 Rb2+ 49. Kg1 Ne4 50. Re5 Nxg3 51. Rxe6+ Kg7 52. Bc4 Nh5 53. Re7+ Kh6 54. a4 Rb4 55. Bb5 Nxf4 56. Be8 Rb2 57. Re3 Ra2 58. Rb3 Kg5 59. Kf1 Kg4 60. Bc6 g5 61. Bd7 Rd2 62. Bc6 Ne6 63. Ra3 Nd4 64. Bb7 Nc2 65. Rc3 f4 66. Bf3+ Kh4 67. a5 Ne3+ 68. Ke1 Ra2 69. Rc5 g4 70. Bb7 f3 71. Bxf3 gxf3 72. a6 f2# 0-1

[Event "Dortmund Sparkassen op"]
[Site "Dortmund"]
[Date "2008.07.06"]
[Round "9"]
[White "Muehlenhaus, Sven"]
[Black "Markgraf, Jonas"]
[Result "1/2-1/2"]
[WhiteElo "2208"]
[BlackElo "2048"]
[PlyCount "103"]
[EventDate "2008.06.30"]
[EventType "swiss"]
[EventRounds "9"]
[EventCountry "GER"]
[SourceTitle "CBM 125 Extra"]
[Source "ChessBase"]
[SourceDate "2008.09.01"]
[SourceVersion "1"]
[SourceVersionDate "2008.09.01"]
[SourceQuality "1"]

1. d4 Nf6 2. Nf3 g6 3. c4 Bg7 4. Nc3 d6 5. e4 0-0 6. Be2 e5 7. dxe5 dxe5 8. Qxd8 Rxd8 9. Bg5 Na6 10. Nd5 Nxd5 11. Bxd8 Nf4 12. g3 Nxe2 13. Kxe2 Be6 14. Rhd1 Bxc4+ 15. Ke1 Nb4 16. Bxc7 Nc2+ 17. Kd2 Nxa1 18. Rxa1 f6 19. Kc3 Be6 20. Ba5 b6 21. Bb4 a5 22. Ba3 b5 23. Bc5 Rc8 24. b4 Bf8 25. a3 Bxc5 26. bxc5 Rxc5+ 27. Kb2 Rc4 28. Nd2 Rd4 29. Kc2 Ra4 30. Rb1 b4 31. axb4 axb4 32. Nb3 Ra3 33. Nd2 Rc3+ 34. Kd1 b3 35. Ke2 f5 36. f3 Kf7 37. Rb2 Ke7 38. h3 h5 39. Rb1 Kd6 40. exf5 gxf5 41. g4 hxg4 42. hxg4 e4 43. gxf5 exf3+ 44. Kf2 Bxf5 45. Rxb3 Rc2 46. Ke3 f2 47. Nf1 Bh3 48. Rd3+ Ke5 49. Rd1 Bg4 50. Rd2 Rxd2 51. Nxd2 f1Q 52. Nxf1 1/2-1/2

[Event "Dortmund Sparkassen op"]
[Site "Dortmund"]
[Date "2008.07.03"]
[Round "6"]
[White "Markgraf, Jonas"]
[Black "Weber, Hubert"]
[Result "1-0"]
[WhiteElo "2048"]
[BlackElo "2078"]
[PlyCount "78"]
[EventDate "2008.06.30"]
[EventType "swiss"]
[EventRounds "9"]
[EventCountry "GER"]
[SourceTitle "CBM 125 Extra"]
[Source "ChessBase"]
[SourceDate "2008.09.01"]
[SourceVersion "1"]
[SourceVersionDate "2008.09.01"]
[SourceQuality "1"]

1. e4 e6 2. d4 d5 3. Nc3 Bb4 4. e5 c5 5. Qg4 g6 6. dxc5 Bxc3+ 7. bxc3 Bd7 8. Bd3 Nc6 9. Nf3 Qa5 10. Bd2 0-0-0 11. 0-0 Qxc5 12. Rab1 h6 13. Be3 Qxc3 14. Qa4 d4 15. Bd2 Qc5 16. Rb5 Qe7 17. Qb3 b6 18. Bb4 Nxb4 19. Rxb4 Bc6 20. Nxd4 Bb7 21. Rc4+ Kb8 22. Nc6+ Bxc6 23. Rxc6 Rc8 24. Rd6 Qc7 25. Qa4 Ne7 26. Rd7 Nd5 27. Rxc7 Rxc7 28. h3 Rd8 29. Qh4 g5 30. Qe4 Nf4 31. a4 Rd5 32. Be2 Rd4 33. Qf3 Rc3 34. Bd3 Rxa4 35. g3 Nxd3 36. cxd3 Rc7 37. Qf6 Ra5 38. Rb1 Ra2 39. Qxh6 Rcc2 1-0

[Event "Dortmund Sparkassen op"]
[Site "Dortmund"]
[Date "2008.07.02"]
[Round "4"]
[White "Overbeck, Thorsten"]
[Black "Markgraf, Jonas"]
[Result "1-0"]
[WhiteElo "2185"]
[BlackElo "2048"]
[PlyCount "77"]
[EventDate "2008.06.30"]
[EventType "swiss"]
[EventRounds "9"]
[EventCountry "GER"]
[SourceTitle "CBM 125 Extra"]
[Source "ChessBase"]
[SourceDate "2008.09.01"]
[SourceVersion "1"]
[SourceVersionDate "2008.09.01"]
[SourceQuality "1"]

1. d4 Nf6 2. c4 g6 3. Nc3 Bg7 4. e4 d6 5. Be2 0-0 6. Nf3 e5 7. 0-0 Nc6 8. d5 Ne7 9. Ne1 Nd7 10. Nd3 f5 11. Bd2 f4 12. Bg4 b6 13. b4 Ba6 14. Nb2 Nf6 15. Be6+ Kh8 16. f3 g5 17. g3 fxg3 18. hxg3 Bh6 19. Kg2 Bc8 20. Rh1 Neg8 21. Bxc8 Rxc8 22. g4 Qd7 23. Qa4 Qf7 24. Raf1 Bg7 25. Qd1 c6 26. dxc6 Rxc6 27. Be3 Ne7 28. Ne2 Rxc4 29. Nxc4 Qxc4 30. Ng3 d5 31. Qb3 Qc6 32. b5 Qb7 33. Bxg5 dxe4 34. fxe4 Ng6 35. Qe6 Nxe4 36. Rxh7+ Kxh7 37. Rh1+ Bh6 38. Rxh6+ Kg7 39. Qxg6# 1-0

[Event "Dortmund Sparkassen op"]
[Site "Dortmund"]
[Date "2008.07.01"]
[Round "2"]
[White "Rehberg, Raphael"]
[Black "Markgraf, Jonas"]
[Result "1-0"]
[WhiteElo "2221"]
[BlackElo "2048"]
[PlyCount "107"]
[EventDate "2008.06.30"]
[EventType "swiss"]
[EventRounds "9"]
[EventCountry "GER"]
[SourceTitle "CBM 125 Extra"]
[Source "ChessBase"]
[SourceDate "2008.09.01"]
[SourceVersion "1"]
[SourceVersionDate "2008.09.01"]
[SourceQuality "1"]

1. e4 c5 2. Nf3 Nc6 3. d4 cxd4 4. Nxd4 Nf6 5. Nc3 e5 6. Ndb5 d6 7. Bg5 a6 8. Na3 b5 9. Bxf6 gxf6 10. Nd5 Bg7 11. Bd3 Ne7 12. Nxe7 Qxe7 13. c4 b4 14. Nc2 a5 15. Ne3 Be6 16. Qh5 Rc8 17. 0-0 Qa7 18. b3 Qc5 19. Rfd1 Ke7 20. Be2 a4 21. Bg4 axb3 22. axb3 Ra8 23. Rxa8 Rxa8 24. Qxh7 Bxg4 25. Nxg4 Qd4 26. Ne3 Ra1 27. Rf1 Rxf1+ 28. Kxf1 Qd3+ 29. Ke1 Kf8 30. g3 f5 31. Nxf5 Qxe4+ 32. Kd2 Qg4 33. Qxg7+ Qxg7 34. Nxg7 Kxg7 35. Ke3 f5 36. f3 Kg6 37. h3 Kg5 38. g4 f4+ 39. Ke4 Kh4 40. Kf5 Kg3 41. g5 Kxf3 42. g6 Ke2 43. g7 f3 44. g8Q f2 45. Qg2 Ke1 46. Qe4+ Kd2 47. Qf3 Ke1 48. Qe3+ Kf1 49. Kg4 Kg2 50. Qg3+ Kf1 51. Kf3 e4+ 52. Ke3 Ke1 53. Qxf2+ Kd1 54. Qd2# 1-0

[Event "Goch op 18th"]
[Site "Goch"]
[Date "2007.10.07"]
[Round "7"]
[White "Van der Valk, Niklas"]
[Black "Markgraf, Jonas"]
[Result "1/2-1/2"]
[WhiteElo "1754"]
[BlackElo "2057"]
[PlyCount "60"]
[EventDate "2007.10.04"]
[EventType "swiss"]
[EventRounds "7"]
[EventCountry "GER"]
[SourceTitle "EXT 2011"]
[Source "ChessBase"]
[SourceDate "2010.11.26"]
[SourceVersion "1"]
[SourceVersionDate "2010.11.26"]
[SourceQuality "1"]

1. e4 c5 2. Nf3 Nc6 3. Bb5 d6 4. Bxc6+ bxc6 5. d3 e5 6. 0-0 Nf6 7. Nbd2 Be7 8. Re1 0-0 9. Nf1 Be6 10. c3 Nd7 11. Ng3 f5 12. exf5 Bxf5 13. Nxf5 Rxf5 14. d4 cxd4 15. cxd4 Qb6 16. Qe2 Raf8 17. Be3 e4 18. Nd2 d5 19. f3 Bh4 20. Reb1 R5f7 21. fxe4 dxe4 22. g3 Bf6 23. Nb3 Qb4 24. Rc1 c5 25. Rc4 Qb5 26. Nxc5 Nb6 27. Rc2 Qxe2 28. Rxe2 Nd5 29. Nb3 Nxe3 30. Rxe3 Re8 1/2-1/2

[Event "Goch op 18th"]
[Site "Goch"]
[Date "2007.10.05"]
[Round "2"]
[White "Markgraf, Jonas"]
[Black "Dargel, Manuel"]
[Result "0-1"]
[WhiteElo "2057"]
[BlackElo "2260"]
[PlyCount "162"]
[EventDate "2007.10.04"]
[EventType "swiss"]
[EventRounds "7"]
[EventCountry "GER"]
[SourceTitle "EXT 2011"]
[Source "ChessBase"]
[SourceDate "2010.11.26"]
[SourceVersion "1"]
[SourceVersionDate "2010.11.26"]
[SourceQuality "1"]

1. e4 c5 2. d4 cxd4 3. c3 Nf6 4. e5 Nd5 5. cxd4 Qc7 6. Nf3 e6 7. Bd2 b6 8. Nc3 Nxc3 9. bxc3 Be7 10. Qa4 Bb7 11. Be2 0-0 12. 0-0 d6 13. Qc2 Nd7 14. Bg5 Rfe8 15. Bxe7 Rxe7 16. Ng5 Nf8 17. f4 Rc8 18. Rac1 Qd8 19. Ne4 Bxe4 20. Qxe4 d5 21. Qb1 Rec7 22. Ba6 Rb8 23. Qd3 Qe7 24. f5 exf5 25. Qxf5 Qa3 26. Bd3 g6 27. Qf2 Ne6 28. Bb1 Rbc8 29. Qf6 Nxd4 30. Kh1 Ne6 31. Rcd1 Rd8 32. g4 Qe7 33. Qf3 Rc5 34. Qg3 Qc7 35. Rf3 d4 36. cxd4 Rxd4 37. Rdf1 Rd7 38. Bf5 Rc1 39. Bxe6 Rxf1+ 40. Rxf1 Qc6+ 41. Qf3 Qxe6 42. Qf6 Qxa2 43. Rc1 Qd5+ 44. Kg1 Qd4+ 45. Qf2 Qxg4+ 46. Kf1 Rd1+ 47. Rxd1 Qxd1+ 48. Kg2 Qd5+ 49. Kf1 Qxe5 50. Qd2 Qf5+ 51. Kg1 Qg4+ 52. Kf1 Qc4+ 53. Kg1 Qc5+ 54. Kf1 a5 55. Qd8+ Kg7 56. Qd2 h5 57. Qb2+ f6 58. Qd2 Qf5+ 59. Ke1 g5 60. Qd8 Qe5+ 61. Kd1 Qa1+ 62. Kc2 Qa2+ 63. Kc1 Qe6 64. Qc7+ Kg6 65. Qd8 h4 66. Qd3+ Qf5 67. Qd8 Qf1+ 68. Kc2 Qc4+ 69. Kb1 Qb4+ 70. Kc1 Qe1+ 71. Kc2 Qe6 72. h3 a4 73. Qa8 Qb3+ 74. Kd2 Qb4+ 75. Kc1 Qc5+ 76. Kd1 a3 77. Qe4+ Kf7 78. Qh7+ Ke6 79. Qg8+ Kd6 80. Qd8+ Ke5 81. Qe8+ Kd4 0-1

[Event "Recklinghausen op 16th"]
[Site "Recklinghausen"]
[Date "2006.10.14"]
[Round "7"]
[White "Michalicek, Roland"]
[Black "Markgraf, Jonas"]
[Result "0-1"]
[WhiteElo "1785"]
[BlackElo "2068"]
[PlyCount "120"]
[EventDate "2006.10.07"]
[EventType "swiss"]
[EventRounds "7"]
[EventCountry "GER"]
[SourceTitle "CBM 114 Extra"]
[Source "ChessBase"]
[SourceDate "2006.11.03"]
[SourceVersion "1"]
[SourceVersionDate "2006.11.03"]
[SourceQuality "1"]

1. e4 c5 2. Nf3 Nc6 3. d4 cxd4 4. Nxd4 Nf6 5. Nc3 e5 6. Nf5 d5 7. exd5 Bxf5 8. dxc6 bxc6 9. Qxd8+ Rxd8 10. Be3 a5 11. Rd1 Rb8 12. Bd3 Bxd3 13. Rxd3 Rxb2 14. Kd1 Ng4 15. Kc1 Rb7 16. Nb1 Be7 17. Rhd1 Nxe3 18. fxe3 f5 19. Rc3 Rb6 20. Nd2 Bb4 21. Nc4 Bxc3 22. Nxb6 Rf8 23. Rd3 Bb4 24. Nd7 e4 25. Nxf8 exd3 26. Ne6 d2+ 27. Kd1 g6 28. Ng5 Kd7 29. Nf3 Kd6 30. Nxd2 Kd5 31. Nb3 a4 32. Nd4 Bc3 33. Nf3 Kc4 34. a3 Bf6 35. Nd2+ Kc3 36. Kc1 Be7 37. Nb1+ Kc4 38. Kd2 g5 39. Ke2 g4 40. g3 Bf6 41. Kd2 h5 42. Ke2 h4 43. gxh4 Bxh4 44. Kf1 Be7 45. Kg2 Bc5 46. h3 gxh3+ 47. Kxh3 Bxe3 48. Kg3 Bg5 49. Kf3 Kd4 50. Ke2 Bf4 51. Kf2 Bc7 52. Ke2 Ba5 53. Kf3 Ke5 54. Ke3 f4+ 55. Kf3 Kf5 56. Ke2 Ke4 57. Kf2 f3 58. Kg1 Ke3 59. Kf1 c5 60. Kg1 Ke2 0-1